10 państw Afryki o najniższej gęstości zaludnienia - Statystyki

Ogólne statystyki
  • Ten quiz został rozwiązany 2 649 razy
  • Średni wynik to 6 z 10
Statystyki odpowiedzi
Gęstość Państwo % Poprawnych
19,9 Algieria
80%
16,3 Czad
80%
4,23 Libia
75%
5,14 Mauretania
72%
18,9 Kongo
68%
3,74 Namibia
67%
19,6 Sudan Południowy
64%
4,39 Botswana
56%
8,81 Republika Środkowoafrykańska
54%
9,70 Gabon
32%
Nie znaleziono quizów pasujących do podanych kryteriów
Rozkład punktacji
Procent ludzi z każdym wynikiem
Percentyl według liczby udzielonych odpowiedzi
Twoja historia wyników
Nie rozwiązałeś tego quizu